000
00321nam a2200133Ia 4500
005
20251222144750.0
008
251222s9999||||xx |||||||||||||| ||spa||
020
_a
84-8154-945-7
082
_a
868.6/B18
100
_a
Ballesteros Pastor, José Manuel
245
0
_a
Paisajes en Otoño
250
_a
2a. ed.
942
_c
LIB
999
_c
19316
_d
19316